Ilmu membuktikan keagungan tuhan

Bibliographic Details
Main Author: Smahadzir
Other Authors: Fauziah AR
Format: Book
Published: Ampang : Pekan Ilmu , 2007
Series:Siri keimanan pekan
Subjects:

MARC

LEADER 00000cam a2200000 7i4500
001 0000019900
005 20070814.0
020 |a 9789832567936 
040 |a INS 
090 0 0 |a BP166.2   |b S43 2007 
100 1 |a Smahadzir 
245 1 0 |a Ilmu membuktikan keagungan tuhan   |c Smahadzir dan Fauziah AR 
260 |a Ampang :   |b Pekan Ilmu ,   |c 2007 
300 |a 726 ms. ;   |c 21 cm. 
440 0 |a Siri keimanan pekan 
504 |a Bibliografi : ms. 706 - 726 
650 0 0 |a Creation (Islam) 
650 0 0 |a God (Islam) 
650 0 0 |a Life in the koran 
700 1 |a Fauziah AR 
999 |a 0000019005   |b BOOK   |c Open Shelf   |e Default branch